Statistieken voor Kaart van Europa met willekeurig gecombineerde landen

Klik hier om de quiz te nemen!

Algemene statistieken

  • Deze quiz is 8.507 keer genomen
  • De gemiddelde score is 10 van 12

Antwoorden op de kaart

Antwoorden kleurgecodeerd door een groen-rode schaal op de quizkaart volgens % correct hieronder.
 

Antwoordstatistieken

Land% Correct
LandenBelgië
98%
LandenDuitsland
98%
LandenDuitsland
98%
LandenItalië
98%
LandenFrankrijk
96%
LandenNederland
96%
LandenPolen
96%
LandenPolen
96%
LandenSpanje
96%
LandenDuitsland
95%
LandenDuitsland
95%
LandenDuitsland
95%
LandenDuitsland
95%
LandenFrankrijk
95%
LandenFrankrijk
95%
LandenNoorwegen
95%
LandenOostenrijk
95%
LandenZweden
95%
LandenBelarus
94%
LandenFrankrijk
94%
LandenRusland
94%
LandenBelgië
93%
LandenItalië
93%
LandenOekraïne
92%
LandenOekraïne
92%
LandenOekraïne
92%
LandenPolen
92%
LandenRusland
92%
LandenTsjechië
92%
LandenBelarus
91%
LandenDuitsland
91%
LandenItalië
91%
LandenOekraïne
91%
LandenOostenrijk
91%
LandenRusland
91%
LandenZwitserland
91%
LandenOekraïne
90%
LandenOostenrijk
90%
LandenPolen
90%
LandenZwitserland
90%
LandenBelgië
89%
LandenKroatië
89%
LandenNederland
89%
LandenPolen
89%
LandenPolen
89%
LandenZwitserland
89%
LandenGriekenland
88%
LandenLetland
88%
LandenOostenrijk
88%
LandenPortugal
88%
LandenSpanje
88%
LandenFinland
87%
LandenOekraïne
87%
LandenOostenrijk
85%
LandenTsjechië
85%
LandenFrankrijk
84%
LandenItalië
84%
LandenLetland
84%
LandenLitouwen
84%
LandenOostenrijk
84%
LandenRoemenië
84%
LandenRoemenië
84%
LandenTsjechië
84%
LandenZweden
84%
LandenBulgarije
83%
LandenFinland
83%
LandenKroatië
83%
LandenRoemenië
83%
LandenRusland
83%
LandenBulgarije
82%
LandenEstland
82%
LandenGriekenland
82%
LandenHongarije
82%
LandenLitouwen
82%
LandenRoemenië
82%
LandenRusland
82%
LandenBelarus
81%
LandenBulgarije
81%
LandenLetland
81%
LandenLitouwen
81%
LandenOekraïne
81%
LandenServië
81%
LandenSlowakije
81%
LandenBosnië en Herzegovina
80%
LandenOostenrijk
80%
LandenServië
80%
LandenSlowakije
80%
LandenBelarus
79%
LandenBulgarije
79%
LandenServië
79%
LandenAlbanië
78%
LandenHongarije
78%
LandenKroatië
78%
LandenZwitserland
78%
LandenBelarus
77%
LandenEstland
77%
LandenRoemenië
77%
LandenServië
77%
LandenSlowakije
77%
LandenHongarije
76%
LandenLetland
76%
LandenServië
76%
LandenHongarije
75%
LandenSlovenië
75%
LandenSlowakije
75%
LandenTsjechië
75%
LandenSlovenië
74%
LandenBosnië en Herzegovina
73%
LandenIerland
73%
LandenKroatië
73%
LandenNoord-Macedonië
73%
LandenHongarije
72%
LandenHongarije
72%
LandenVerenigd Koninkrijk
71%
LandenGriekenland
70%
LandenMoldavië
70%
LandenNoorwegen
69%
LandenAlbanië
68%
LandenNoord-Macedonië
68%
LandenSlowakije
68%
LandenFinland
67%
LandenMoldavië
66%
LandenSlovenië
65%
LandenNoord-Macedonië
58%

Scoreverdeling

Percentiel versus Aantal Correcte Antwoorden

Procent van Mensen met Elke Score

Uw Scoregeschiedenis

U heeft deze quiz nog niet genomen